Концертная программа (Запись № 13283390)

Подробности
000 -МАРКЕР
контрольное поле 04948njm0a2200517 4500
001 - ИДЕНТИФИКАТОР ЗАПИСИ
контрольное поле RU\NLR\ONIZ\214516
005 - ИДЕНТИФИКАТОР ВЕРСИИ
контрольное поле 20260406012715.0
035 ## - ДРУГИЕ СИСТЕМНЫЕ НОМЕРА
Идентификатор записи (NLR Aleph) 011273202
071 00 - ИЗДАТЕЛЬСКИЙ НОМЕР
Номер, присвоенный агентством С10-06083-4
100 ## - ДАННЫЕ ОБЩЕЙ ОБРАБОТКИ
Данные общей обработки 20160826f19001999|||y0rusy50 ca
102 ## - СТРАНА ПУБЛИКАЦИИ ИЛИ ПРОИЗВОДСТВА
Страна публикации Российская Федерация
126 ## - ПОЛЕ КОДИРОВАННЫХ ДАННЫХ: ЗВУКОЗАПИСИ - ФИЗИЧЕСКИЕ ХАРАКТЕРИСТИКИ
Кодированные данные звукозаписи (общие) abuxexu ux
Кодированные данные звукозаписи (уточнения) xxx
127 ## - ПОЛЕ КОДИРОВАННЫХ ДАННЫХ: ПРОДОЛЖИТЕЛЬНОСТЬ ЗВУКОЗАПИСЕЙ И НОТНЫХ ИЗДАНИЙ (МУЗЫКАЛЬНОЕ ИСПОЛНЕНИЕ)
Продолжительность 000044
135 ## - ПОЛЕ КОДИРОВАННЫХ ДАННЫХ: ЭЛЕКТРОННЫЕ РЕСУРСЫ
Кодированные данные для электронного ресурса honoannnanndn
200 1# - ЗАГЛАВИЕ И СВЕДЕНИЯ ОБ ОТВЕТСТВЕННОСТИ
Основное заглавие Концертная программа
Общее обозначение материала Звукозапись
210 ## - ПУБЛИКАЦИЯ, РАСПРОСТРАНЕНИЕ И ДР.
Место издания, распространения и т.д. М.
Имя издателя, распространителя и т. д. Мелодия
Дата издания, распространения и т.д. [19--]
215 ## - ФИЗИЧЕСКАЯ ХАРАКТЕРИСТИКА
Специфическое обозначение материала и объем 1 грп.[ГОСТ 5289-73](44 мин): 33 об/мин, стерео; 30 см, в конв.
300 ## - ОБЩИЕ ПРИМЕЧАНИЯ
Текст примечания Записана в Картинной галерее г. Вильнюса
325 ## - ПРИМЕЧАНИЕ О КОПИИ
Текст примечания Копия доступна в Электрон. б-ке РНБ
327 1# - ПРИМЕЧАНИЯ О СОДЕРЖАНИИ
Текст примечания 1. Квартет : до мин. / исполн.: Литовский квартет;
-- 2. Прелюд : Фа маж. / исполн.: Л. Дигрис, орган;
-- 3. Прелюд : соль мин. / исполн.: Л. Дигрис, орган;
-- 4. Прелюд : Ля-бемоль маж. / исполн.: Л. Дигрис, орган;
-- 5. Каноны : Ля-бемоль маж., ре мин. / исполн.: Л. Дигрис, орган;
-- 6. Фуги : до мин., соль мин., до-диез мин., фа-диез мин. / исполн.: Л. Дигрис, орган;
-- 7. Фуга-хорал : ля мин. / исполн.: Л. Дигрис, орган
464 #0 - АНАЛИТИЧЕСКИЙ УРОВЕНЬ
Встроенное поле 2001#$aКвартет$eдо мин.$gисполн.: Литовский квартет
-- 6061#$aКвартеты струнные$xЗвукозапись$yЛитва$z19-20 вв.$2nlr_sh
-- 686##$aЩ952.507-040.2(4Л)$vLBC/SL$2rubbk
-- 71202$aЛитовский квартет$4570$7ca
Заглавие Квартет
464 #0 - АНАЛИТИЧЕСКИЙ УРОВЕНЬ
Встроенное поле 2001#$aПрелюд$eФа маж.$fисполн.: Л. Дигрис, орган
-- 6061#$aПрелюдии для органа$xЗвукозапись$yЛитва$z19-20 вв.$2nlr_sh
-- 6890#$aЩ954.3-058.4(4Л)
-- 702#1$9z01790$aДигрис$bЛ.$gЛеопольдас$f1934-$4590$4kor$7ca
-- 790#1$9z01702$aDigris$bL.$gLeopoldas$f1934-$4590$4kor$7ba
Заглавие Прелюд
464 #0 - АНАЛИТИЧЕСКИЙ УРОВЕНЬ
Встроенное поле 2001#$aПрелюд$eсоль мин.$fисполн.: Л. Дигрис, орган
-- 6890#$aЩ954.3-058.4(4Л)
-- 702#1$9z01790$aДигрис$bЛ.$gЛеопольдас$f1934-$4590$7ca
-- 790#1$9z01702$aDigris$bL.$gLeopoldas$f1934-$4590$7ba
Заглавие Прелюд
464 #0 - АНАЛИТИЧЕСКИЙ УРОВЕНЬ
Встроенное поле 2001#$aПрелюд$eЛя-бемоль маж.$fисполн.: Л. Дигрис, орган
-- 702#1$9z01790$aДигрис$bЛ.$gЛеопольдас$f1934-$4590$4kor$7ca
-- 790#1$9z01702$aDigris$bL.$gLeopoldas$f1934-$4590$4kor$7ba
Заглавие Прелюд
464 #0 - АНАЛИТИЧЕСКИЙ УРОВЕНЬ
Встроенное поле 2001#$aКаноны$eЛя-бемоль маж., ре мин.$fисполн.: Л. Дигрис, орган
-- 6061#$aПолифоническая музыка для органа$xЗвукозапись$yЛитва$z19-20 вв.$2nlr_sh
-- 6890#$aЩ954.3-045я44(4Л)
-- 702#1$9z01790$aДигрис$bЛ.$gЛеопольдас$f1934-$4590$4kor$7ca
-- 790#1$9z01702$aDigris$bL.$gLeopoldas$f1934-$4590$4kor$7ba
Заглавие Каноны
464 #0 - АНАЛИТИЧЕСКИЙ УРОВЕНЬ
Встроенное поле 2001#$aФуги$eдо мин., соль мин., до-диез мин., фа-диез мин.$fисполн.: Л. Дигрис, орган
-- 6061#$aПолифоническая музыка для органа$xЗвукозапись$yЛитва$z19-20 вв.$2nlr_sh
-- 6890#$aЩ954.3-045я44(4Л)
-- 702#1$9z01790$aДигрис$bЛ.$gЛеопольдас$f1934-$4590$4kor$7ca
-- 790#1$9z01702$aDigris$bL.$gLeopoldas$f1934-$4590$4kor$7ba
Заглавие Фуги
464 #0 - АНАЛИТИЧЕСКИЙ УРОВЕНЬ
Встроенное поле 2001#$aФуга-хорал$eля мин.$fисполн.: Л. Дигрис, орган
-- 6061#$aПолифоническая музыка для органа$xЗвукозапись$yЛитва$z19-20 вв.$2nlr_sh
-- 6890#$aЩ954.3-045(4Л)
-- 702#1$9z01790$aДигрис$bЛ.$gЛеопольдас$f1934-$4590$4kor$7ca
-- 790#1$9z01702$aDigris$bL.$gLeopoldas$f1934-$4590$4kor$7ba
Заглавие Фуга-хорал
606 1# - НАИМЕНОВАНИЕ ТЕМЫ КАК ПРЕДМЕТ
Наименование темы Камерная музыка зарубежная
Тематический подзаголовок Звукозапись
Географический подзаголовок Литва
Хронологический подзаголовок 20 в.
Код системы nlr_sh
686 ## - ИНДЕКСЫ ДРУГИХ КЛАССИФИКАЦИЙ
Индекс Щ95я44(4Л)
Издание LBC/SL
Код системы
700 #1 - ИМЯ ЛИЦА - ПЕРВИЧНАЯ ОТВЕТСТВЕННОСТЬ
Код отношения Композитор
Материалы, к которым относится поле rus
Графика поля Кириллица
Начальный элемент ввода Чюрленис
Часть имени, кроме начального элемента ввода М. К.
Даты 1875-1911
Расширение инициалов личного имени Микалоюс Константинас
Идентификатор авторитетной/нормативной записи RU\NLR\AUTH\77118205
Системный номер авторитетной/нормативной записи 101130
790 #1 - ИМЯ ЛИЦА - АЛЬТЕРНАТИВНАЯ ФОРМА
Системный номер авторитетной/нормативной записи z06700
Начальный элемент ввода Čiurlionis
Часть имени, кроме начального элемента ввода M.K.
Даты 1875-1911
Расширение инициалов личного имени Mikalojus Konstantinas
Код отношения Композитор
Графика поля Латинская
801 #0 - ИСТОЧНИК ЗАПИСИ
Страна Российская Федерация
Организация NLR
Дата составления 20160826
Правила каталогизации PSBO
801 #1 - ИСТОЧНИК ЗАПИСИ
Страна Российская Федерация
Организация NLR
Дата составления 20160826
Источник данных rusmarc
801 #2 - ИСТОЧНИК ЗАПИСИ
Страна Российская Федерация
Организация NLR
Дата составления 20201211
852 ## - МЕСТОНАХОЖДЕНИЕ И ШИФР ХРАНЕНИЯ
Идентификатор организации NLR
Наименование фонда или коллекции (Sub-Location Identifier) Мг
Шифр хранения (Call Number) 3/2984
Страна
Номер экземпляра 1
856 #0 - МЕСТОНАХОЖДЕНИЕ ЭЛЕКТРОННЫХ РЕСУРОВ И ДОСТУП К НИМ
Универсальный идентификатор ресурса (Uniform Resource Identifier) http://vivaldi.nlr.ru/mk000000363/view
856 #1 - МЕСТОНАХОЖДЕНИЕ ЭЛЕКТРОННЫХ РЕСУРОВ И ДОСТУП К НИМ
Универсальный идентификатор ресурса (Uniform Resource Identifier) http://vivaldi.nlr.ru/mk000000363/cover
856 #2 - МЕСТОНАХОЖДЕНИЕ ЭЛЕКТРОННЫХ РЕСУРОВ И ДОСТУП К НИМ
Универсальный идентификатор ресурса (Uniform Resource Identifier) http://vivaldi.nlr.ru/mk000000363/text
942 ## - ДОПОЛНИТЕЛЬНЫЕ ЭЛЕМЕНТЫ ЗАПИСИ (АБИС)
Тип экземпляра АБИС Звукозапись
980 ## - КОЛЛЕКЦИЯ
Название коллекции Национальная библиография
980 ## - КОЛЛЕКЦИЯ
Название коллекции Отдел нот и звукозаписей
981 24 - КОЛЛЕКЦИЯ ЭЛЕКТРОННОЙ БИБЛИОТЕКИ
Название коллекции Нотные издания и аудиозаписи
Название подколлекции Грампластинки
Экземпляры
Тип экземпляра Дата поступления Библиотека постоянного хранения Библиотека текущего хранения Место хранения Шифр хранения Статус экземпляра
Звукозапись 26.08.2016 РНБ (Московский) РНБ (Московский) Фонд нот и звукозаписей 3/2984 3/2984